000 00588nam a2200181 i 4500
001 bg
100 1 _aBĄDKOWSKI, Andrzej
245 1 0 _aCharakterystyki powszechnie stosowanych prostych i złożonych substancji szkodliwych i (lub) niebezpiecznych :
_bProste związki organiczne /
_cAndrzej Bądkowski.
260 _aGdańsk :
_b"EKOS".
650 9 _aChemia organiczna
_xzwiązki
650 9 _aSubstancje niebezpieczne i szkodliwe
650 9 _aTrucizny
_xchemia
040 _cBPK
041 0 _apol
080 _a547:615.9
942 _cKS
008 s pl f |000 0 pol
999 _c35544
_d35544
856 _uhttp://koha.tu.koszalin.pl/cgi-bin/koha/opac-detail.pl?biblionumber=35544
_yKatalog online BPK